Normal view
MARC view
- GULF WAR-COMMAND AND CONTROL
Entry Topical Term
001 - CONTROL NUMBER
- control field: 56982
003 - CONTROL NUMBER IDENTIFIER
- control field: NUST
005 - DATE AND TIME OF LATEST TRANSACTION
- control field: 20210628201826.0
008 - FIXED-LENGTH DATA ELEMENTS
- fixed length control field: 210628|| aca||aabn | a|a d
040 ## - CATALOGING SOURCE
- Original cataloging agency: NUST
- Transcribing agency: NUST
150 ## - HEADING--TOPICAL TERM
- Topical term or geographic name entry element: GULF WAR-COMMAND AND CONTROL
670 ## - SOURCE DATA FOUND
- Source citation: Work cat.: (NUST): Sammes, A.J Rice, M.A 56981, Command and control:support system in the gulf war, brassey's new battlefield weapons systems, 1994
